Nosotros, los mercados : qué son, cómo funcionan y por qué resultan imprescindibles /
שמור ב:
| מחבר ראשי: | |
|---|---|
| פורמט: | ספר |
| שפה: | ספרדית |
| יצא לאור: |
Barcelona :
Deusto,
2013.
|
| מהדורה: | 1a edición. |
| נושאים: | |
| גישה מקוונת: | https://elibro.unach.elogim.com/es/lc/unach/titulos/291106 |
| תגים: |
הוספת תג
אין תגיות, היה/י הראשונ/ה לתייג את הרשומה!
|
MARC
| LEADER | 00000nam a2200000 i 4500 | ||
|---|---|---|---|
| 001 | ELB291106 | ||
| 003 | FINmELB | ||
| 005 | 251223061851.0 | ||
| 006 | m o u | ||
| 007 | cr cn||||||||| | ||
| 008 | 251222s2013 sp a o 000 0 spa d | ||
| 020 | |z 978-84-234-1614-1 | ||
| 020 | |a 9788423416349 |q (epub) | ||
| 035 | |a (OCoLC)1564682728 | ||
| 040 | |a FINmELB |b spa |e rda |c FINmELB | ||
| 050 | 4 | |a HG173 |b .L333 2013 | |
| 080 | |a 336.714 | ||
| 080 | |a 336.7 | ||
| 080 | |a 338.124"2008/..." | ||
| 082 | 0 | 4 | |a 332 |2 23 |
| 100 | 1 | |a Lacalle, Daniel, |d 1967- |e autor. | |
| 240 | 1 | 0 | |a Nosotros, los mercados |
| 245 | 1 | 0 | |a Nosotros, los mercados : |b qué son, cómo funcionan y por qué resultan imprescindibles / |c Daniel Lacalle. |
| 250 | |a 1a edición. | ||
| 264 | 1 | |a Barcelona : |b Deusto, |c 2013. | |
| 300 | |a 1 recurso en línea : |b gráficos | ||
| 336 | |a texto |b txt |2 rdacontent/spa | ||
| 337 | |a computadora |b c |2 rdamedia/spa | ||
| 338 | |a recurso en línea |b cr |2 rdacarrier/spa | ||
| 588 | |a Descripción basada en metadatos suministrados por el editor y otras fuentes. | ||
| 590 | |a Recurso electrónico. Santa Fe, Arg.: elibro, 2025. Disponible vía World Wide Web. El acceso puede estar limitado para las bibliotecas afiliadas a elibro. | ||
| 650 | 4 | |a Fondos especulativos. | |
| 650 | 4 | |a Mercado financiero. | |
| 650 | 4 | |a Crisis económicas |y 2008. | |
| 655 | 4 | |a Libros electrónicos. | |
| 797 | 2 | |a elibro, Corp. | |
| 856 | 4 | 0 | |u https://elibro.unach.elogim.com/es/lc/unach/titulos/291106 |